000 00722nam a2200193Ia 4500
005 20141229123429.0
010 _aBAC-CH25
020 _a9780753724965
_c399.00
035 _aB-563311-328
037 _bTechniz/vender
_adpl
082 _a363.34
100 _aSteele, Philip
245 _aExtreme Planet
_cPhilip Steele; Neil Morris...et.al
260 _c2013
_aLondon
_bChancellor Press (imprint of Octopus Publishing Group)
270 _aEndeavour House, 189 Shaftesbury Avenue
_bLondon
_eWC2H 8JY
300 _a125p.:
_bcol.ill.
_c27cm(pbk)
942 _cCH
_2ddc
_mSTE
_h363.34
999 _c86235
_d86235